000 00627nam a22002057a 4500
003 UA-OsUOA
001 42997
007 ta
008 20090414b un ||||| |||| 00| 0 ukr d
090 _a050
_bС25
942 _cNP
040 _aUA-OsUOA
_bukr
_cUA-OsUOA
_dUA-OsUOA
245 _aСвобода
955 _a4
041 _aukr
080 _a050
310 _a2009: 10 квітня, №15; 17 квітня, №16
650 7 _a050 Серійні публікації. Періодика галузі, Організація та інші типи поєднання (співробітництва)
_2UDC
999 _c441467
_d441467